Sports Quiz

Random Sports or WWE Quiz

WWE Nexus Quiz Stats

 Plays Quiz not verified by Sporcle

Score 0/14 Timer 02:00
0 Plays Today
Hint Member % Correct
Corre MemberWade Barrett
97.6%
Corre MemberHeath Slater
92.6%
Corre MemberJustin Gabriel
92.4%
Current MemberDavid Otunga
90.2%
Current Member - LeaderCM Punk
87.1%
Former MemberDaniel Bryan
84.1%
Current MemberHusky Harris
82.7%
Hint Member % Correct
Former MemberSkip Sheffield
78.7%
Former MemberDarren Young
78.5%
Former MemberMichael Tarver
77.1%
Current MemberMichael McGillicutty
65.7%
Former MemberJohn Cena
63.5%
Corre MemberEzekiel
63.1%
Current MemberMason Ryan
61.4%

You're not logged in!

Compare scores with friends on all Sporcle quizzes.
OR
Log In

Show Comments

Extras

Created Oct 26, 2010SourceReportNominate
Tags:WWE Quiz, next

Top Quizzes Today


Score Distribution

Your Account Isn't Verified!

In order to create a playlist on Sporcle, you need to verify the email address you used during registration. Go to your Sporcle Settings to finish the process.

Report this User

Report this user for behavior that violates our Community Guidelines.

Details: